Score 0/10 Timer 14:00
0 Plays Today
enquation number % Correct
45 millinillion - 5 millinillion40 millinillion
100%
71 femtillion - 27 femtillion44 femtillion
66.7%
114 picillion - 55 picillion59 picillion
66.7%
24 decillion - 63 decillion39 decillionths
33.3%
17 picillion - 33 picillion16 picillionths
33.3%
42 yoctillion - 106 yoctillion64 yoctillionths
33.3%
34 picillion - 34 decillion34 centianillion
33.3%
56 deciyoctillion - 56 centillion56 centizeptillion
33.3%
38 xonillion - 13 picillion25 femtillion
33.3%
105 mecillion - 26 millinillion79 vecillion
33.3%
Remove Ads.
Support Sporcle.
Get the best of Sporcle when you Go Orange. This ad-free experience offers more features, more stats, and more fun while also helping to support Sporcle. Thank you for becoming a member.

You're not logged in!

Compare scores with friends on all Sporcle quizzes.
OR
Log In

Show Comments

Extras

Created Dec 11, 2018ReportNominate
Tags:Andrew, Solve

Top Quizzes Today


Score Distribution

Your Account Isn't Verified!

In order to create a playlist on Sporcle, you need to verify the email address you used during registration. Go to your Sporcle Settings to finish the process.

Report this User

Report this user for behavior that violates our Community Guidelines.

Details: